Statistics for Super Smash Bros. Fighters #07 - The Fox Quiz

Click here to take the quiz!

General Stats

  • This quiz has been taken 88 times
  • The average score is 11 of 18

Answer Stats

HintAnswer% Correct
Who are the core members of this team?Falco
100%
What team is Fox the leader of?Star Fox
96%
What is Fox's last name?McCloud
93%
Finish the quote:Do a {barrel} {roll}!
90%
Who are the core members of this team?Slippy
85%
Who is Fox's love interest?Krystal
81%
Who are the core members of this team?Peppy
73%
Who is Fox's sunglasses-wearing dad?James
70%
What tank does Fox less commonly ride on for land traversal?Landmaster
67%
Finish the quote:Never give up! Trust your {instincts}!
62%
What ship does Fox commonly fly in?Arwing
55%
Which planet does Fox live on currently?Corneria
53%
What is the name of the team’s mothership?Great Fox
38%
To promote Star Fox Zero, Nintendo partnered with this company
to make a short skit using specially created Muppets.
Henson Company
32%
Fox appears in which space-themed Ubisoft toys-to-life game?Starlink: Battle for Atlas
26%
Due to copyright issues, Star Fox 64 had to
have its name changed in Europe to what?
Lylat Wars
23%
In the “Goodbye, Fox” ending of Star Fox Command,
Fox has a son. What is his name?
Marcus
11%
Which planet was Fox born on?Papetoon
5%

Score Distribution

Percentile by Number Answered

Percent of People with Each Score

Your Score History

You have not taken this quiz